<?xml version="1.0" encoding="UTF-8"?>
<record
    xmlns:xsi="http://www.w3.org/2001/XMLSchema-instance"
    xsi:schemaLocation="http://www.loc.gov/MARC21/slim http://www.loc.gov/standards/marcxml/schema/MARC21slim.xsd"
    xmlns="http://www.loc.gov/MARC21/slim">

  <leader>01030nam a22002537a 4500</leader>
  <controlfield tag="001">BRCA_9350</controlfield>
  <controlfield tag="003">FranzMayer</controlfield>
  <controlfield tag="005">20230918121738.0</controlfield>
  <controlfield tag="008">230828b        |||||||| |||| 00| 0 eng d</controlfield>
  <datafield tag="020" ind1=" " ind2=" ">
    <subfield code="a">0853318999</subfield>
  </datafield>
  <datafield tag="040" ind1=" " ind2=" ">
    <subfield code="a">MFM</subfield>
    <subfield code="b">espa&#xF1;ol</subfield>
    <subfield code="c">MFM</subfield>
  </datafield>
  <datafield tag="050" ind1=" " ind2="0">
    <subfield code="a">NK7240.I8</subfield>
    <subfield code="b">C94 2004</subfield>
  </datafield>
  <datafield tag="100" ind1="1" ind2=" ">
    <subfield code="4">Autor</subfield>
    <subfield code="a">Czernis-Ryl. Eva</subfield>
    <subfield code="9">29274</subfield>
  </datafield>
  <datafield tag="240" ind1=" " ind2=" ">
    <subfield code="a">Contemporany Silver</subfield>
    <subfield code="h">Made in Italy</subfield>
    <subfield code="l">Ingl&#xE9;s</subfield>
  </datafield>
  <datafield tag="245" ind1="0" ind2=" ">
    <subfield code="a">Contemporany Silver</subfield>
    <subfield code="b">Made in Italy</subfield>
  </datafield>
  <datafield tag="260" ind1=" " ind2=" ">
    <subfield code="a">Australia</subfield>
    <subfield code="b">Powerhouse Publishing</subfield>
    <subfield code="c">2004</subfield>
  </datafield>
  <datafield tag="300" ind1=" " ind2=" ">
    <subfield code="a">127 p</subfield>
    <subfield code="b">Ilustraciones a color</subfield>
    <subfield code="c">29 cm</subfield>
  </datafield>
  <datafield tag="500" ind1=" " ind2=" ">
    <subfield code="a">Anexo 1</subfield>
  </datafield>
  <datafield tag="500" ind1=" " ind2=" ">
    <subfield code="a">El material se encuentra con pasta dura y una sobrecubierta que lo cubre.</subfield>
  </datafield>
  <datafield tag="505" ind1=" " ind2=" ">
    <subfield code="a">Texto en: ingl&#xE9;sIncluye &#xED;ndice tem&#xE1;ticoIncluye bibliograf&#xED;aDirigido a: artistas, artesanos o personas con inter&#xE9;s en las artes decorativas con plata</subfield>
  </datafield>
  <datafield tag="650" ind1="1" ind2=" ">
    <subfield code="2">Artes decorativas y aplicativas</subfield>
    <subfield code="a">Otras artes industria&#xF1;es</subfield>
    <subfield code="v">Oro y plata</subfield>
    <subfield code="9">29275</subfield>
  </datafield>
  <datafield tag="651" ind1="2" ind2=" ">
    <subfield code="2">Trabajo con metales</subfield>
    <subfield code="a">Herramientas con plata</subfield>
    <subfield code="v">Italia</subfield>
    <subfield code="9">29276</subfield>
  </datafield>
  <datafield tag="942" ind1=" " ind2=" ">
    <subfield code="2">lcc</subfield>
    <subfield code="c">B</subfield>
  </datafield>
  <datafield tag="999" ind1=" " ind2=" ">
    <subfield code="c">10972</subfield>
    <subfield code="d">10972</subfield>
  </datafield>
  <datafield tag="952" ind1=" " ind2=" ">
    <subfield code="0">0</subfield>
    <subfield code="1">0</subfield>
    <subfield code="2">lcc</subfield>
    <subfield code="4">0</subfield>
    <subfield code="7">0</subfield>
    <subfield code="8">FCON</subfield>
    <subfield code="a">BRCA</subfield>
    <subfield code="b">BRCA</subfield>
    <subfield code="d">2023-08-28</subfield>
    <subfield code="l">0</subfield>
    <subfield code="o">NK7240.I8 C94 2004</subfield>
    <subfield code="p">CONT10107</subfield>
    <subfield code="r">2023-08-28 00:00:00</subfield>
    <subfield code="w">2023-08-28</subfield>
    <subfield code="y">B</subfield>
  </datafield>
</record>
